|
|
|
|
| LEADER |
02975nam a22003853i 4500 |
| 001 |
EBC6955932 |
| 003 |
MiAaPQ |
| 005 |
20231204023223.0 |
| 006 |
m o d | |
| 007 |
cr cnu|||||||| |
| 008 |
231204s2016 xx o ||||0 ger d |
| 020 |
|
|
|a 9783839435137
|q (electronic bk.)
|
| 020 |
|
|
|z 9783837635133
|
| 035 |
|
|
|a (MiAaPQ)EBC6955932
|
| 035 |
|
|
|a (Au-PeEL)EBL6955932
|
| 035 |
|
|
|a (OCoLC)992528113
|
| 040 |
|
|
|a MiAaPQ
|b eng
|e rda
|e pn
|c MiAaPQ
|d MiAaPQ
|
| 100 |
1 |
|
|a Hofmann, Michèle.
|
| 245 |
1 |
0 |
|a Gesundheitswissen in der Schule :
|b Schulhygiene in der deutschsprachigen Schweiz im 19. und 20. Jahrhundert.
|
| 250 |
|
|
|a 1st ed.
|
| 264 |
|
1 |
|a Bielefeld :
|b transcript,
|c 2016.
|
| 264 |
|
4 |
|c {copy}2016.
|
| 300 |
|
|
|a 1 online resource (311 pages)
|
| 336 |
|
|
|a text
|b txt
|2 rdacontent
|
| 337 |
|
|
|a computer
|b c
|2 rdamedia
|
| 338 |
|
|
|a online resource
|b cr
|2 rdacarrier
|
| 490 |
1 |
|
|a Pädagogik
|
| 505 |
0 |
|
|a Cover -- Inhalt -- Dank -- 1. Einleitung -- 1.1 Erkenntnisinteresse, theoretische Rahmung und methodische Überlegungen -- 1.2 Quellenkorpus -- 1.3 Aufbau der Arbeit -- 2. Anfänge der Schulhygiene in der zweiten Hälfte des 19. Jahrhunderts -- 2.1 Naturwissenschaftliche Neuorientierung der Medizin und Entstehung der Hygienebewegung -- 2.2 Wissenschaftliche Studien zu ›Schulkrankheiten‹ -- 2.3 Die Schweizerische Gesellschaft für Schulgesundheitspflege -- 2.4 Internationalität als Legitimation für die Schweizer Schulhygieniker -- 3. Krankheiten in der Schule -- 3.1 Maßnahmen gegen ›Schulkrankheiten‹ -- 3.2 Die Tuberkulose als ›neue‹ Krankheit -- 4. ›Schüleruntersuchungen‹ und schulärztliches Personal -- 4.1 Die ›Schularztfrage‹ stellt sich -- 4.2 Ausbau der schulärztlichen Tätigkeit -- 5. Schulzahnpflege -- 5.1 Prophylaxe steht an erster Stelle -- 5.2 Therapeutische Schritte haben zweite Priorität -- 6. Schulische Alkoholprävention -- 6.1 Forderung nach totaler Alkoholabstinenz der Lehrpersonen -- 6.2 Lehrmittel, Unterrichtsanregungen und Schulaktionen zu Obst und Milch -- 7. Schulhygiene und Reformpädagogik: Das Beispiel der Landerziehungsheime in der deutschsprachigen Schweiz -- 7.1 Gründung von Landerziehungsheimen -- 7.2 Das Landerziehungsheim als Hort der Gesundheit -- 7.3 Gesundheitspflege als Argument reformpädagogischer Schulkritik -- 8. Schluss -- Quellen und Literatur.
|
| 588 |
|
|
|a Description based on publisher supplied metadata and other sources.
|
| 590 |
|
|
|a Electronic reproduction. Ann Arbor, Michigan : ProQuest Ebook Central, 2023. Available via World Wide Web. Access may be limited to ProQuest Ebook Central affiliated libraries.
|
| 655 |
|
4 |
|a Electronic books.
|
| 776 |
0 |
8 |
|i Print version:
|a Hofmann, Michèle
|t Gesundheitswissen in der Schule
|d Bielefeld : transcript,c2016
|z 9783837635133
|
| 797 |
2 |
|
|a ProQuest (Firm)
|
| 830 |
|
0 |
|a Pädagogik
|
| 856 |
4 |
0 |
|u https://ebookcentral.proquest.com/lib/matrademy/detail.action?docID=6955932
|z Click to View
|